000 01095nam a2200253 a 4500
999 _c447403
_d447403
003 BLK
005 20230727123032.0
008 220307b bu |||||r||||||0| | bu d
040 _aBLK
041 _aBUL
_cBUL
080 _aОбщо машиностроене. Ядрена техника. Електротехника. Технология на машиностроенето в цялост
_b621
_x(062)
_z621(062)
100 _91299
_aСтефанова, Наташа
_eпърви автор
139 _aСтефанова, Наташа
_bС 75
245 _aСО "Тежко машиностроене" - Русе
_bХроника на едно съзидателно десетилетие
_cНаташа Стефанова.
_h[Малотир. изд.]
260 _9441842
_aРусе
_bб. и.
_c1988
300 _a84 с.
_bс ил.
_c22х22 см
380 _a62
653 7 _9198082
_aтежко машиностроене
653 7 _9186737
_aзаводи
653 7 _9189505
_aКТМ
852 _aК 62/С 75
_bК
942 _cKNG
_n0
_s1
_01
944 _aCR
_c2022-03-07
_k30556
_lТеодора Пейчева-Дянкова